000 00341nam a2200145Ia 4500
999 _c7454
_d7454
008 191201s2011 xx 000 0 und d
020 _a978818333163
100 _aKANETKAR, Yashavant
245 0 _aLet us C
250 _a11th
260 _c2012
_bBPB Publication
_aN. delhi
300 _a675
650 _aB.Tech(IT)
942 _2ddc
_cBB
_0698